[Interdisciplinárne prístupy v teórii a didaktike tlmočenia]

Recenzia na publikáciu, ktorá sa venuje teórii tlmočenia. Publikácia je prínosom pre rozvoj vzdelávacieho aj pracovného procesu budúcich a už aj pracujúcich tlmočníkov.

Gespeichert in:
Bibliographische Detailangaben
1. Verfasser: Keresty, Ján, 1980-
Format: Buchkapitel
Sprache:Slowakisch
Schlagworte:
Tags: Tag hinzufügen
Keine Tags, Fügen Sie das erste Tag hinzu!

MARC

LEADER 00000naa a2200000 4500
001 0261423
005 20240502074145.4
041 0 |a slo 
044 |a SK 
245 1 0 |a [Interdisciplinárne prístupy v teórii a didaktike tlmočenia]  |c Ján Keresty 
520 |a Recenzia na publikáciu, ktorá sa venuje teórii tlmočenia. Publikácia je prínosom pre rozvoj vzdelávacieho aj pracovného procesu budúcich a už aj pracujúcich tlmočníkov. 
610 2 0 |a recenzie 
610 2 0 |a jazykoveda 
610 2 0 |a preklady 
610 2 0 |a tlmočníctvo 
100 1 |a Keresty, Ján, 1980-